Statistiques concernant Cliquez sur la bonne traduction en anglais - Les animaux

Cliquez ici pour prendre le quiz!

Statistiques générales

  • Ce quiz a été pris 384 fois
  • Le résultat moyen est 26 sur 29

Statistiques - réponses

HintRéponse% Correct
PoissonFish
99%
LoupWolf
97%
ChatCat
96%
RhinocérosRhinoceros
95%
PapillonButterfly
94%
LionLion
94%
ChienDog
93%
PingouinPenguin
93%
LapinRabbit
93%
OursBear
92%
OiseauBird
92%
RenardFox
92%
AraignéeSpider
92%
VacheCow
91%
SingeMonkey
91%
CochonPig
91%
PouleChicken
89%
GrenouilleFrog
89%
PieuvreOctopus
88%
MoutonSheep
88%
ChèvreGoat
86%
PigeonPigeon
86%
EcureuilSquirrel
86%
PerroquetParrot
84%
CrevetteShrimp
82%
FourmiAnt
81%
MoucheFly
81%
DindeTurkey
81%
EscargotSnail
77%

Distribution des résultats

Percentile par nombre de réponses

% des personnes avec chaque résultat

Votre développement - résultats

Vous n’avez pas pris ce quiz